Online
Catalog

Homenaje de México al poeta Virgilio en el segundo milenario de su nacimiento. (Record no. 10392)

MARC details
000 -CABECERA
campo de control de longitud fija 00907cam a2200253 a 4500
001 - NÚMERO DE CONTROL
campo de control 000010634
005 - FECHA Y HORA DE LA ÚLTIMA TRANSACCIÓN
campo de control 20200929162249.0
008 - DATOS DE LONGITUD FIJA--INFORMACIÓN GENERAL
campo de control de longitud fija 830823s1931 mx 010 0 spa d
040 ## - FUENTE DE LA CATALOGACIÓN
Centro catalogador/agencia de origen DO-SdBNP
Lengua de catalogación spa
Centro/agencia transcriptor LC
Centro/agencia modificador BNPHU
050 00 - SIGNATURA TOPOGRÁFICA DE LA BIBLIOTECA DEL CONGRESO
Número de clasificación PA6825
Número de documento/Ítem .A3 1931
082 ## - NÚMERO DE LA CLASIFICACIÓN DECIMAL DEWEY
Número de clasificación nn*
Número de documento/Ítem H765
049 ## - FONDOS LOCALES (OCLC)
Fondos de biblioteca BNGR
245 00 - MENCIÓN DE TÍTULO
Título Homenaje de México al poeta Virgilio en el segundo milenario de su nacimiento.
260 ## - PUBLICACIÓN, DISTRIBUCIÓN, ETC.
Lugar de publicación, distribución, etc. [México] ;,
Fecha de publicación, distribución, etc. 1931.
300 ## - DESCRIPCIÓN FÍSICA
Extensión 572 p. :
Otras características físicas [s.n.] ;
Dimensiones 24 cm.
600 00 - PUNTO DE ACCESO ADICIONAL DE MATERIA--NOMBRE DE PERSONA
Nombre de persona Virgil
Subdivisión general Criticism and interpretation.
9 (RLIN) 25727
600 00 - PUNTO DE ACCESO ADICIONAL DE MATERIA--NOMBRE DE PERSONA
Nombre de persona Virgil
Subdivisión general Appreciation
Subdivisión geográfica Mexico.
9 (RLIN) 25728
600 00 - PUNTO DE ACCESO ADICIONAL DE MATERIA--NOMBRE DE PERSONA
Nombre de persona Virgil
Subdivisión general Anniversaries, etc.
9 (RLIN) 25729
710 1# - PUNTO DE ACCESO ADICIONAL--NOMBRE DE ENTIDAD CORPORATIVA
Nombre de entidad corporativa o nombre de jurisdicción como elemento de entrada México.
Título de la obra Departamento de educacion pública.
9 (RLIN) 25730
700 1# - PUNTO DE ACCESO ADICIONAL--NOMBRE DE PERSONA
Nombre de persona Ramírez Cabanas, Joaquin,
Fechas asociadas al nombre 1886-
9 (RLIN) 25731
700 1# - PUNTO DE ACCESO ADICIONAL--NOMBRE DE PERSONA
Nombre de persona Gonzalez Casanova, Pablo,
Fechas asociadas al nombre 1889-1936.
9 (RLIN) 25732
700 1# - PUNTO DE ACCESO ADICIONAL--NOMBRE DE PERSONA
Nombre de persona Silva y Aceves, Mariano,
Fechas asociadas al nombre 1887-
9 (RLIN) 25733
910 ## - DATOS DE OPCIÓN DEL USUARIO (OCLC)
Datos de opción del usuario Catalogación por copia / LC
Holdings
Estado de retiro Estado de pérdida Restricciones de uso No para préstamo Código de colección Localización permanente Ubicación/localización actual Ubicación en estantería Fecha de adquisición Número de inventario Total de préstamos Signatura topográfica completa Código de barras Fecha visto por última vez Precio válido a partir de Tipo de ítem Koha
        Monografías: Libros y Folletos General General En catalogación 08.10.2009 LF1   nn* H765 10634-10 25.06.2020 25.06.2020 Préstamo en sala

Powered by Koha